| 000 | 01936nam a22004217a 4500 | ||
|---|---|---|---|
| 001 | 12985836 | ||
| 003 | OSt | ||
| 005 | 20210426063744.0 | ||
| 008 | 021030s2003 njuab b 001 0 eng | ||
| 010 | _a 2002042463 | ||
| 020 | _a0691113548 (alk. paper) | ||
| 035 | _a(OCoLC)ocm50958916 | ||
| 040 |
_aDLC _cDLC _dC#P _dUKM _dEZU _dMUQ _dDLC |
||
| 042 | _apcc | ||
| 043 | _ae-ur--- | ||
| 050 | 0 | 0 |
_aJC328.6 _b.T64 2003 |
| 080 |
_a94 _bT-67 |
||
| 082 | 0 | 0 |
_a303.6 _221 |
| 100 | 1 |
_aToft, Monica Duffy, _d1965- |
|
| 245 | 1 | 4 |
_aThe geography of ethnic violence : _bidentity, interests, and the indivisibility of territory / _cMonica Duffy Toft. |
| 260 |
_aPrinceton, N.J. : _bPrinceton University Press, _cc2003. |
||
| 300 |
_axii, 226 p. : _bill., maps ; _c24 cm. |
||
| 504 | _aIncludes bibliographical references (p. [203]-218) and index. | ||
| 505 | 0 | _aThe forgotten meaning of territory -- Indivisible territory and ethnic war -- Territory and violence: a statistical assessment -- Russia and Tatarstan -- Russia and Chechnya -- Georgia and Abkhazia -- Georgia and Ajaria -- Conclusion. | |
| 650 | 0 | _aPolitical violence. | |
| 650 | 0 | _aPartition, Territorial. | |
| 650 | 0 | _aNationalism. | |
| 650 | 0 | _aHuman geography. | |
| 650 | 0 |
_aEthnic conflict _zFormer Soviet republics _vCase studies. |
|
| 651 | 0 |
_aFormer Soviet republics _xEthnic relations _vCase studies. |
|
| 653 | _aისტორია | ||
| 856 | 4 | 1 |
_3Sample text _uhttp://www.loc.gov/catdir/samples/prin031/2002042463.html |
| 856 | 4 | 2 |
_3Publisher description _uhttp://www.loc.gov/catdir/description/prin031/2002042463.html |
| 856 | 4 | 1 |
_3Table of contents only _uhttp://www.loc.gov/catdir/enhancements/fy0654/2002042463-t.html |
| 906 |
_a7 _bcbc _corignew _d1 _eocip _f20 _gy-gencatlg |
||
| 942 |
_2udc _cBK |
||
| 999 |
_c1466 _d1466 |
||